000 00318nam a2200133Ia 4500
005 20260328101455.0
008 260328s9999||||xx |||||||||||||| ||und||
100 _aDabner, David
245 0 _aHector Guimard /
_cDavid Dabner
260 _bRizzoli
300 _a112 p.
650 _aARQUITECTURA DOMESTICA
942 _cBK
999 _c8822
_d8822